000 01386cab a2200241 4500
001 X85701
008 090401t1998 xxu||||| |||| 00| 0 eng d
035 _a(Sirsi) u85701
041 _aeng
245 _aHarborough DC and C.Walton Ltd
260 _c1998
350 _a0
490 _aPlanning Appeal Decisions
_v[1998] 13 PAD 158-163(6)
520 _a5 December 1997. Purpose-built agricultural grain store - on old wartime airfield - many old hangars and other buildings - areas of concrete - many used for industrial and commercial purposes - industrial estate - some flying activities - car storage - new car and trailer parking - much land used for agriculture - store of 1300 sq.m - 74m long and 7m high - more than yet needed - exisiting foundations and building frame - whether need for agriculture - pre-delivery inspection of vehicles - structure and local plans - re-use of agricultural buildings - visual impact on landscape - screening by trees and shrubs - changes since 1992 refusal - use of building not decisive factor - other sites or solutions available nearby. (Taken from journal headnote.)
650 _aAGRICULTURAL USE
650 _aCHANGE OF USE
650 _aDISUSED AIRFIELD
650 _aHARBOROUGH DC AND C WALTON LTD
650 _aPLANNING PERMISSION
690 _aPLANNING LAW AND PRACTICE-CASE LAW
942 _n0
948 _c21/04/1998
999 _c53909
_d53909